Confronting climate change : Economic priorities and climate protection in developing nations

Bibliographic Details
Other Authors: Biagini, B.
Format: Book
Published: Washington , DC : National Environmental Trust , 2000
Subjects:

MARC

LEADER 00000cam a2200000 7i4500
001 0000003913
005 20111019.0
090 0 0 |a 333.75097   |b CLI 2000 
245 0 0 |a Confronting climate change :   |b Economic priorities and climate protection in developing nations   |c editor B.Biagini 
260 0 0 |a Washington , DC :   |b National Environmental Trust ,   |c 2000 
300 |a 350 p. :   |b ill. ;   |c 27 cm. 
650 0 0 |a Climatic changes   |z Developing Nations 
700 0 1 |a Biagini, B. 
998 |a JPSM 
999 |a 006404   |b Monograph   |c Open Shelf   |e Default branch